Don't Bring Me Down - Electric Light Orchestra (all lyrics) - Statistics

General Stats
  • This quiz has been taken 27 times
  • The average score is 261 of 316
Answer Stats
Lyrics % Correct
bring
100%
Don't
100%
down
100%
me
100%
a
93%
I
93%
You
93%
you
93%
got
86%
more
86%
No
86%
no
86%
of
86%
once
86%
One
86%
tell
86%
the
86%
to
86%
be
79%
before
79%
days
79%
get
79%
goin'
79%
I'll
79%
runnin'
79%
these
79%
your
79%
crazy
71%
floor
71%
gonna
71%
grass
71%
in
71%
mind
71%
my
71%
off
71%
out
71%
that
71%
You're
71%
you're
71%
break
64%
glass
64%
it
64%
just
64%
like
64%
nights
64%
snake
64%
thinkin'
64%
'bout
57%
friends
57%
good
57%
I'm
57%
it's
57%
lookin'
57%
right
57%
talkin'
57%
time
57%
wastin'
57%
with
57%
always
50%
away
50%
know?
50%
tellin'
50%
up
50%
end
43%
fancy
43%
girl
43%
groos
43%
happened
43%
Oh
43%
road
43%
used
43%
wanna
43%
What
43%
crawlin'
36%
shakin'
36%
somewhere
36%
stay
36%
everyday
29%
let
29%
No matching quizzes found
Score Distribution
Percent of People with Each Score
Percentile by Number Answered
Your Score History
You have not taken this quiz